Missionary Researches and Travel No. 23 : Eleven Years in Central South Africa. (Record no. 2166)
[ view plain ]
| 000 -LEADER | |
|---|---|
| fixed length control field | 00414nam a22001217a 4500 |
| 005 - DATE AND TIME OF LATEST TRANSACTION | |
| control field | 20200909143827.0 |
| 008 - FIXED-LENGTH DATA ELEMENTS--GENERAL INFORMATION | |
| fixed length control field | 200909b ||||| |||| 00| 0 eng d |
| 020 ## - INTERNATIONAL STANDARD BOOK NUMBER | |
| International Standard Book Number | 0714618802 |
| 040 ## - CATALOGING SOURCE | |
| Transcribing agency | CML |
| 245 ## - TITLE STATEMENT | |
| Title | Missionary Researches and Travel No. 23 : Eleven Years in Central South Africa. |
| Statement of responsibility, etc. | Thomas, T.M. |
| 260 ## - PUBLICATION, DISTRIBUTION, ETC. | |
| Place of publication, distribution, etc. | London |
| Name of publisher, distributor, etc. | Frank Cass & Co. Ltd |
| Date of publication, distribution, etc. | 1971 |
| 942 ## - ADDED ENTRY ELEMENTS (KOHA) | |
| Source of classification or shelving scheme | Dewey Decimal Classification |
| Koha item type | Books |
| Edition | 2nd Edition |
| Classification part | 968.91 |
| Call number suffix | THO |
| Withdrawn status | Lost status | Source of classification or shelving scheme | Damaged status | Not for loan | Collection code | Home library | Current library | Shelving location | Date acquired | Total Checkouts | Full call number | Date last seen | Copy number | Price effective from | Koha item type |
|---|---|---|---|---|---|---|---|---|---|---|---|---|---|---|---|
| Dewey Decimal Classification | Geography & History | Chalimbana Main Library | Chalimbana Main Library | Geography & History | 09/09/2020 | 968.91 THO | 09/09/2020 | 1 | 09/09/2020 | Books |